Por mis hijos lo que sea... o casi : identidades de madres y padres que han vivido un divorcio (Record no. 169735)

MARC details
000 -CABECERA
campo de control de longitud fija 01448nab a2200277 a 4500
005 - FECHA Y HORA DE LA ÚLTIMA TRANSACCIÓN
campo de control 20210219162103.0
008 - ELEMENTOS DE LONGITUD FIJA--INFORMACIÓN GENERAL
campo de control de longitud fija 991125s1985 mx 000 0 spa u
035 ## - NÚMERO DE CONTROL DEL SISTEMA
Número de control de sistema UPN01000197634
049 ## - COLECCIÓN
Colección ART-E
100 1# - ASIENTO PRINCIPAL--NOMBRE PERSONAL
Nombre de persona Muñoz Rodríguez, David
100 1# - ASIENTO PRINCIPAL--NOMBRE PERSONAL
Filiación francisco.d.munoz@uv.es
222 ## - TÍTULO CLAVE
Título clave PAPELES DEL CEIC
245 ## - MENCIÓN DE TÍTULO
Título Por mis hijos lo que sea... o casi : identidades de madres y padres que han vivido un divorcio
260 ## - PUBLICACIÓN, DISTRIBUCIÓN, ETC.
Lugar de publicación, distribución, etc. España
300 ## - DESCRIPCIÓN FÍSICA
Extensión 1-30
362 0# - FECHAS DE PUBLICACIÓN Y/O DESIGNACIÓN SECUENCIAL
Fecha de publicación y/o designación secuencial 2014, no. 1, mar
338 ## - TIPO DE SOPORTE
Nombre/término del tipo de soporte recurso en linea
520 ## - NOTA DE RESUMEN, ETC.
Sumario, etc. A partir de los discursos de personas divorciadas o separadas (de generaciones nacidas entre 1965 y 1975), se analiza la configuración de las identidades parentales. El divorcio implica reorganizar aspectos relativos al cuidado de hijos/as, favoreciendo la reflexión sobre la propia identidad parental. Nuestra hipótesis problematiza los resultados de Solsona y Ferrer (2010), quienes destacan la centralidad del hecho de ser madres y padres entre las generaciones mayores. Destacan entre los resultados que las mujeres reubican la maternidad al mismo nivel de importancia que otros aspectos de sus trayectorias vitales, mientras que los hombres tienden a idealizar la paternidad.
653 0# - TERMINO DE INDIZACION - NO CONTROLADO
Término no controlado DIVORCIO
653 0# - TERMINO DE INDIZACION - NO CONTROLADO
Término no controlado HISTORIAS DE VIDA
653 0# - TERMINO DE INDIZACION - NO CONTROLADO
Término no controlado ESTUDIOS DE GENERO
653 0# - TERMINO DE INDIZACION - NO CONTROLADO
Término no controlado PSICOLOGIA SOCIAL
653 ## - TERMINO DE INDIZACION - NO CONTROLADO
Término no controlado IDENTIDAD PARENTAL
905 ## - TIPO DE MATERIAL
Tipo de material Articulo

No items available.